Cities on My World Map-Oceania and the Americas - Statistics

General Stats
  • This quiz has been taken 6 times
  • The average score is 92 of 310
Answer Stats
City % Correct
Los Angeles
100%
New York
100%
Anchorage
83%
Austin
83%
Boston
83%
Caracas
83%
Charlotte
83%
Chicago
83%
Dallas
83%
Denver
83%
Havana
83%
Houston
83%
Kingston
83%
Lima
83%
Mexico City
83%
Minneapolis
83%
Montevideo
83%
Portland
83%
Rio de Janeiro
83%
Salt Lake City
83%
San Francisco
83%
Sao Paulo
83%
Seattle
83%
Toronto
83%
Washington Dc
83%
Albuquerque
67%
Atlanta
67%
Baltimore
67%
Boise
67%
Buenos Aires
67%
Buffalo
67%
Calgary
67%
Cali
67%
Charleston
67%
Columbus
67%
Detroit
67%
Edmonton
67%
Guadalajara
67%
Honolulu
67%
Indianapolis
67%
Jackson
67%
Jacksonville
67%
Las Vegas
67%
Little Rock
67%
Miami
67%
Montreal
67%
New Orleans
67%
Oklahoma City
67%
Orlando
67%
Ottawa
67%
Phoenix
67%
Pittsburgh
67%
Port au Prince
67%
Quebec City
67%
San Antonio
67%
San Diego
67%
San Jose
67%
Santa Fe
67%
Santiago
67%
Tampa
67%
Vancouver
67%
Winnipeg
67%
Auckland
50%
Belmopan
50%
Billings
50%
Birmingham
50%
Bismarck
50%
Bogota
50%
Brasilia
50%
Brisbane
50%
Christchurch
50%
Cincinnati
50%
Cleveland
50%
El Paso
50%
Fargo
50%
Georgetown
50%
Guatemala City
50%
Halifax
50%
Hobart
50%
Juneau
50%
Kansas City
50%
Managua
50%
Melbourne
50%
Memphis
50%
Monterrey
50%
Nashville
50%
Norfolk
50%
Omaha
50%
Perth
50%
Port of Spain
50%
Quito
50%
Regina
50%
Reno
50%
Richmond
50%
Salvador
50%
San Salvador
50%
Santo Domingo
50%
Saskatoon
50%
Savannah
50%
Sioux Falls
50%
St Johns
50%
St Louis
50%
St Paul
50%
Sydney
50%
Tegucigalpa
50%
Tucson
50%
Victoria
50%
Acapulco
33%
Albany
33%
Alice Springs
33%
Arequipa
33%
Augusta
33%
Belem
33%
Boulder
33%
Canberra
33%
Cancun
33%
Carson City
33%
Corpus Christi
33%
Curitiba
33%
Duluth
33%
Fairbanks
33%
Fort Worth
33%
Funafuti
33%
Guayaquil
33%
Honiara
33%
Iqaluit
33%
La Paz
33%
Leon
33%
Louisville
33%
Majuro
33%
Manaus
33%
Milwaukee
33%
Newcastle
33%
Oakland
33%
Palikir
33%
Panama City
33%
Port Moresby
33%
Porto Alegre
33%
Port Vila
33%
Providence
33%
Santa Barbara
33%
Santa Cruz
33%
Sao Luis
33%
Spokane
33%
Sucre
33%
Suva
33%
Tulsa
33%
Wellington
33%
Whitehorse
33%
Wichita
33%
Adelaide
17%
Amarillo
17%
Barranquilla
17%
Barrow
17%
Campo Grande
17%
Cartagena
17%
Cayenne
17%
Charlottetown
17%
Chihuahua
17%
Ciudad Juarez
17%
Colombo
17%
Dunedin
17%
Durango
17%
Florianopolis
17%
Fortaleza
17%
Goiania
17%
Gold Coast
17%
Great Falls
17%
Hilo
17%
Kodiak
17%
Male
17%
Maracaibo
17%
Mendoza
17%
Merida
17%
Mexicali
17%
Moroni
17%
Nome
17%
Port Louis
17%
Prince George
17%
Red Deer
17%
Rosario
17%
Tahiti
17%
Tarawa
17%
Thunder Bay
17%
Tijuana
17%
Veracruz
17%
Wilmington
17%
Wollongong
17%
Adamstown
0%
Agana
0%
Antananarivo
0%
Antofagasto
0%
Aracaju
0%
Arctic Bay
0%
Armidale
0%
Ascuncion
0%
Avarua
0%
Bahia Blanca
0%
Banff
0%
Barquisimeto
0%
Belo Horizante
0%
Broome
0%
Cairns
0%
Camaguey
0%
Cape Leeuwin
0%
Cape Leveque
0%
Chiclayo
0%
Churchill Arviat
0%
Ciudad Bolivar
0%
Coihaique
0%
Concepcion
0%
Concord
0%
Coolgardie
0%
Cordoba
0%
Cordova
0%
Corrientes
0%
Cuiaba
0%
Culiacan
0%
Cumberland Pen
0%
Dawson
0%
Deline
0%
Esperance
0%
Fianarantsoa
0%
Flin Flon
0%
Fort Good Hope
0%
Fort McMurray
0%
Fort McPherson
0%
Fort Resolution
0%
Fort Smith
0%
Fort Yukon
0%
Foxe Pen
0%
Freemantle
0%
Geelong
0%
Gisborne
0%
Gjoa Haven
0%
Grafton
0%
Hall Pen
0%
Happy Valley Goose Bay
0%
Hermosillo
0%
International Falls
0%
Invercargill
0%
Iquitos
0%
Itabuna
0%
Joao Pessoa
0%
Kalgoorlie Boulder
0%
Kotzebue
0%
Launceston
0%
Maceio
0%
Mackay
0%
Mahajanga
0%
Marajo
0%
Marl del Plata
0%
Melekeok
0%
Minot
0%
Moose Jaw
0%
Morelia
0%
Mount Gambier
0%
Natal
0%
Noatak
0%
Noumea
0%
Palmas
0%
Peace River
0%
Petrolina
0%
Philidelphia
0%
Port Augusta
0%
Port Hedland
0%
Porto Velho
0%
Prince Albert
0%
Prince Rupert
0%
Puerto Santa Cruz
0%
Rankin Inlet
0%
Redding
0%
Reliance
0%
Repulse Bay
0%
Resolute
0%
Rethel
0%
Rockhampton
0%
Ruby
0%
Sacremento
0%
Saipan
0%
Salta
0%
San Carlos de Bariloche
0%
San Miguel de Tucuman
0%
Santarem
0%
Santiago de Cuba
0%
Santos
0%
Schefferville
0%
Stanley
0%
St Denis
0%
St Marys
0%
Teresina
0%
Toliara
0%
Torreon
0%
Townsville
0%
Trujillo
0%
Unalakleet
0%
Ushuaia
0%
Valdez
0%
Vitoria
0%
Wagga Wagga
0%
Warrnambool
0%
Watson Lake
0%
Wyndham
0%
Yarmouth
0%
Yellowkmife
0%
No matching quizzes found
Score Distribution
Percent of People with Each Score
Percentile by Number Answered
Your Score History
You have not taken this quiz